000 00430nam a2200109 4500
999 _c513221
_d513221
082 _aL906x5421 C/H/2018-19
245 _aReport of the Comptroller and Auditor General of India on Hospital Management in Uttar Pradesh, 2018-19
260 _aLucknow
_bGovernment of Uttar Pradesh
_c2019
300 _a122p
650 _aAuditing - India - Uttar Pradesh
_915712
700 _aUttar Pradesh. Comptroller and Auditor General of India
_915711